000 01007nas a2200277 4500
001 BR2011006778
003 BR-BrBNA
005 20231205120017.0
007 ta
008 230509b bl.|||p| |||| 00| 00por d
040 _aBR-BrBNA
_bpor
_cBiblioteca Nacional de Agricultura
041 _a(Pt)
072 _aH50; H60
100 1 _aQueiroz, U.C. de
100 1 _aQueiroz, W.N. de
100 1 _aBeltrão, N.E. de M.
245 1 _aFitotoxicidade e seletividade do herbicida trifloxysulfuron sodium na mamona cultivar BRS Nordestina
650 _aRICINUS COMMUNIS
650 _aCONTROLE QUÍMICO
650 _aINIBIDOR DE CRESCIMENTO
650 _aMATÉRIA SECA
773 0 _tRevista Brasileira de Engenharia Agrícola e Ambiental (Brazil)
_xISSN 1807-1929
_g(2009), v.13(Suplemento) p. 916-921
_wBR2011006778
856 4 0 _uhttp://www.scielo.br/scielo.php?script=sci_arttext pid=S1415-43662009000700014 lng=en nrm=iso tlng=pt
909 _a202311
_bLúcia
_c55
_dLúcia Elande
942 _2AGRIS
_n0
_cANA
999 _c216673
_d216673